000 00568nam a2200205Ia 4500
005 20250508161003.0
008 008 250505s9999 xx 000 0 hin d
037 _aTextBook
040 _aFEDL
_beng
_cFEDL
041 _ahin
_2hin
084 _a370.954, BHA
_qFEDL
100 _aBhatnagar Suresh
245 0 _aAdhunik bhartiya shiska aur unki samseyan
260 _aAgra, India
_bVinod Pustak Mandir
_c1962
300 _ax,629p
365 _aINR
_b16.5
650 _aEducation - India
942 _cTB
_h370.954, BHA
999 _c1367779
_d1367779